000 00321nam a2200133Ia 4500
005 20251222155211.0
008 251222s9999||||xx |||||||||||||| ||spa||
082 _aMEQ. 62
100 _aSoc. Gastroenterl.
245 0 _aXIII Congreso Peruano de Enfermedades
250 _a1ra. ed.
264 _bNo tiene
942 _cLIB
999 _c40315
_d40315